000
00224 a2200097 4500
001
20763
100
_a
Allana
245
_a
Our freedom fighters (1562-1947)
260
_a
_b
Paradise S A Karachi
_c
1969
090
_c
15047
_d
15047
942
_a
NUST-CAE
_c
M
_c
5611
999
_c
255836
_d
255836